| 000 | 00371nam a2200157Ia 4500 | ||
|---|---|---|---|
| 008 | 230917s9999||||xx |||||||||||||| ||und|| | ||
| 040 |
_e113562 _aMAIN |
||
| 041 | _aEnglish | ||
| 082 | _a658 R534M | ||
| 100 | _aRobbins, Stephen p | ||
| 245 | 0 | _aManagment | |
| 250 | _a8th ed. | ||
| 260 |
_aNew Delhi _bPearson Prentice-Hall _c2005 |
||
| 300 | _a638 p. | ||
| 942 | _cBK | ||
| 999 |
_c136693 _d136693 |
||